LEADER 01961nam a2200337 i 4500 001 000000065883 003 CaOOAMICUS 005 20131205000000.0 008 131205s1976 xx u000 u mul u 013 $a37055 020 $a3-506-79428-0 040 $aSeMil$bita 100 1 $aReichl, Karl.$0(OLS)http://semarc/name/33104 245 10$a"Tractatus de grammatica" :$beine fälschlich Robert Grosseteste zugeschriebene spekulative Grammatik : Edition und Kommentar /$cKarl Reichl. 260 $aPaderborn [etc.] :$bFerdinand Schöningh,$c1976. 300 $a224 p. ;$c24 cm. 490 0 $aVeröffentlichungen des Grabmann-Institutes zur Erforschung der mittelalterlichen Theologie und Philosophie. Neue Folge ;$v28 490 0 $aMünchener Universitätsschriften : Philosophische Fakultät Altertumskunde und Kulturwissenschaften 500 $aContiene il testo originale in latino. 650 4$aGrammatica.$0(OLS)http://semarc/subject/6256 650 4$aTeologia - Medioevo.$0(OLS)http://semarc/subject/4293 700 0 $aGrosseteste, Robert,$c.$0(OLS)http://semarc/name/3619 830 0$aVeröffentlichungen des Grabmann-Institutes zur Erforschung der mittelalterlichen Theologie und Philosophie. Neue Folge ;$v28.$0(OLS)http://semarc/title/192 830 0$aMünchener Universitätsschriften : Philosophische Fakultät Altertumskunde und Kulturwissenschaften.$0(OLS)http://semarc/title/11289 850 $aSeMil 852 $aSeMil$W1$xVenegono$y1$m2N I 278$j32036$B32036$CSeMilBibl$Z2$F32039 $81 900 0 $aRoberto : Grossatesta. 996 $6020$a3-506-79428-0$9(OLS)http://semarc/number/43359 996 $6245$a"Tractatus de grammatica" :$beine fälschlich Robert Grosseteste zugeschriebene spekulative Grammatik : Edition und Kommentar$9(OLS)http://semarc/title/104659 996 $6260$aPaderborn [etc.] :$bFerdinand Schöningh$9(OLS)http://semarc/publisher/29622 LEADER 01033nam a2200241 i 4500 001 000000075180 003 CaOOAMICUS 005 20070711000000.0 008 070711s1915 it u000 u ita u 013 $a46352 040 $aSeMil$bita 100 1 $aIacopone : da Todi <1230 ca.-1306 ca.>.$0(OLS)http://semarc/name/8403 245 13$aLe Laude secondo la stampa fiorentina del 1490 /$cIacopone da Todi ; A cura di Giovanni Ferri. 260 $aBari :$bLaterza & Figli,$c1915. 300 $a316 p. ;$c22 cm. 490 0 $aScrittori d'Italia 600 04$aJacopone : da Todi .$0(OLS)http://semarc/subject/15338 700 1 $aFerri, Giovanni.$0(OLS)http://semarc/name/37144 830 0$aScrittori d'Italia.$0(OLS)http://semarc/title/138 850 $aSeMil 852 $aSeMil$W1$xVenegono$y1$m1E I 111$j41332$B41332$CSeMilBibl$Z2$F41336 $81 996 $6245$aLe Laude secondo la stampa fiorentina del 1490$9(OLS)http://semarc/title/121974 996 $6260$aBari :$bLaterza & Figli$9(OLS)http://semarc/publisher/29663